01782nkc a2200289za 450000100060000000300040000600500170001000700070002700800410003404000240007524500690009926000150016830000950018350002710027850002590054950100880080854400760089661000580097265100250103065500420105571000580109785200120115585601500116794200250131795201330134299900170147584588OSt20260423154306.0kh boc250410s1909 sp ||||| ||||||0| i|spa d cM-RABAaM-RABAbspa00aEsaú y Jacobh[Material gráfico]c/ Julián de San Martín c[ca. 1909] a1 fotografíab: gelatina de plata c; imagen 19 x 11 cmc; soporte secundario 30 x 24 cm aFotografía del relieve "Esaú y Jacob" de Julián San Martín, obteniendo el primer premio de la Academia en Escultura, de segunda clase en el año 1781. Se conserva en el Museo de la Real Academia de Bellas Artes de San Fernando con nº de inventario E-137.  aMontada sobre un soporte secundario de cartón, con texto manuscrito a lápiz en la parte inferior al recto: "Esaú y Jacob. 1781-2ª clase. 1º Premio Julián San Martín y Monasterio". Al verso a lápiz rojo: "1781-2ª clase / Julio San Martín" aFecha probable de la realización de la fotografía realizada por Hauser y Menet. aArchivo de la Real Academia de Bellas Artes de San Fernando (Le-4-29-1)24aReal Academia de Bellas Artes de San Fernando.975832 7aMadrid2embne975182 7aFotografías de obras de arte9756752 aReal Academia de Bellas Artes de San Fernando.975832 jFot-612 3Fot-612uhttps://archivoybiblioteca.realacademiabellasartessanfernando.com/cgi-bin/koha/opac-retrieve-file.pl?id=7e50f780e87a62dbcd39686720678056 2ddccFOTOGRAFÍAn0 00102ddc40708FOTOGRAFIAaRABASFbRABASFcDP2d2025-04-29l0oFot-612p1095471r2025-04-29 10:10:00w2025-04-29yFOTOGRAFÍA c84588d84588